000 00710nam a2200241Ia 4500
003 OSt
005 20220925202021.0
006 a|||||r|||| 00| 0
007 ta
008 220923b |||||||| |||| 00| 0 eng d
020 _a9780198089421
037 _cGeneral Book
040 _aRTL
_cRTL
_beng
041 _2eng
_aeng
082 _aY:3(Delta:87).2.N7, M2/TD
100 _aKAKAR Sudhir
_919300
245 0 _aShamans, mystics and doctors
260 _aDelhi
_bOxford University Press
_c1982
300 _a306p.
_ccm.
500 _aBibliography: p 368-381; Appendix: p 317-367
942 _hY:3(Delta:87).2.N7, M2/TD
_cGB
_2CC
999 _c542210
_d542210